At the End of the Day - Wallows (All Lyrics) - Statistics

General Stats
  • This quiz has been taken 16 times
  • The average score is 298 of 317
Answer Stats
Hint Answer % Correct
A
100%
a
100%
about
100%
alone,
100%
alone
100%
Chorus At
100%
at
100%
away,
100%
away
100%
call
100%
day
100%
end
100%
far
100%
I
100%
If
100%
if
100%
I'm
100%
in
100%
it
100%
let
100%
never
100%
Never
100%
not
100%
of
100%
The
100%
the
100%
think
100%
want
100%
When
100%
you
100%
your
100%
Your
100%
afraid
92%
an
92%
are
92%
Are
92%
around
92%
be
92%
but
92%
But
92%
Can
92%
Chorus 'Cause
92%
could
92%
crowd
92%
eyes,
92%
face
92%
forever ?
92%
forever
92%
getting
92%
go
92%
head
92%
here
92%
I'll
92%
is
92%
Is
92%
it's
92%
just
92%
Just
92%
know
92%
lay
92%
like
92%
look
92%
love
92%
me
92%
much
92%
my
92%
night
92%
night,
92%
older
92%
on
92%
Or
92%
or
92%
our
92%
Verse 1 Please
92%
Bridge Please,
92%
pressure ?
92%
see
92%
shoulder
92%
staying
92%
still
92%
that
92%
That
92%
that's
92%
this
92%
to
92%
too
92%
unless
92%
wanted
92%
way
92%
we
92%
we're
92%
would
92%
young
92%
you're
92%
yourself
92%
almost
85%
And
85%
back
85%
breaking ?
85%
criminal
85%
escape
85%
first
85%
hardly
85%
ignore ?
85%
made
85%
need
85%
nervous
85%
ourselves
85%
place
85%
problem
85%
something
85%
speak
85%
subliminal
85%
take
85%
Verse 2 There's
85%
Time
85%
twice
85%
used
85%
week
85%
Why
85%
words
85%
alright
77%
anymore
77%
blame
77%
don't
77%
Don't
77%
fading
77%
Falling
77%
fate ?
77%
fuck
77%
sand
77%
sounds
77%
with
77%
aren't
69%
Mine
69%
plan
69%
they
69%
hands
62%
Hope
62%
will
54%
No matching quizzes found
Score Distribution
Percent of People with Each Score
Percentile by Number Answered
Your Score History
You have not taken this quiz